000 00453nmm a2200157Ia 4500
008 251105s9999||||xx |||||||||||||||||und||
020 _a9788468780221
041 _aspa
100 _aLeigh, Allison
245 0 _aUna proposición de amor
264 _a[Madrid, España] :
_bHarlequin,
_c[Fecha de publicación no identificada]
300 _a0 páginas
650 _aRomance
856 _uhttps://public.digitaliapublishing.com/a/94941
942 _cCF
999 _c84466
_d84466